[Event "Campeonato del mundo sub-18"]
[Site "Kemer TUR"]
[Date "2009.11.21"]
[Round "10.28"]
[White "Aguirre, Manzo Leopoldo"]
[Black "Pavlidis, Anastasios"]
[Result "0-1"]
[WhiteElo "2148"]
[BlackElo "2300"]
[PlyCount "52"]
[EventDate "2009.11.11"]
[EventType "swiss"]
[EventRounds "11"]
[EventCountry "ESP"]
[Source "lmi"]
[SourceDate "2009.11.11"]

1. e4 e5 2. Nf3 Nc6 3. Bb5 a6 4. Ba4 Nf6 5. O-O Be7 6. d4 exd4 7. Re1 b5 8. Bb3
d6 9. Bd5 Nxd5 10. exd5 Ne5 11. Nxd4 O-O 12. f4 Bg4 13. Qd2 Nc4 14. Qd3 Bh4 15.
g3 Bf6 16. Nc3 Re8 17. Ne4 Bxd4+ 18. Qxd4 c5 19. dxc6 d5 20. b3 Nd6 21. c7 Qxc7
22. Bb2 Nf5 23. Qxd5 Qxc2 24. Qd2 Qxd2 25. Nxd2 Red8 26. Ne4 Nd4 0-1

[Event "Campeonato del mundo sub-18"]
[Site "Kemer TUR"]
[Date "2009.11.21"]
[Round "10.30"]
[White "Bebel, Arkadiusz"]
[Black "Ulkhanov, Azamat"]
[Result "0-1"]
[WhiteElo "2275"]
[BlackElo "2068"]
[PlyCount "68"]
[EventDate "2009.11.11"]
[EventType "swiss"]
[EventRounds "11"]
[EventCountry "ESP"]
[Source "lmi"]
[SourceDate "2009.11.11"]

1. e4 e6 2. Nf3 d5 3. Nc3 Nf6 4. e5 Nfd7 5. d4 c5 6. dxc5 Nc6 7. Bf4 Bxc5 8.
Bd3 f6 9. exf6 Qxf6 10. Bg5 Qf7 11. Qe2 O-O 12. O-O-O a6 13. h4 h6 14. Bd2 Nd4
15. Nxd4 Bxd4 16. Rh3 Ne5 17. f4 Nxd3+ 18. Rxd3 Ba7 19. g3 Bd7 20. Be3 Bb8 21.
Bd4 b5 22. Re3 Bd6 23. Nb1 Rfc8 24. Rd2 b4 25. Be5 Be7 26. h5 Bb5 27. Qg4 Rc6
28. Bd4 Rac8 29. Qh3 a5 30. a3 Ba4 31. Ree2 bxa3 32. bxa3 Bf6 33. Bxf6 Qxf6 34.
Rg2 Qa1 0-1

[Event "Campeonato del mundo sub-18"]
[Site "Kemer TUR"]
[Date "2009.11.21"]
[Round "10.31"]
[White "Stankovic, Milos"]
[Black "Reimanis, Ritvars"]
[Result "1/2-1/2"]
[WhiteElo "2379"]
[BlackElo "2112"]
[PlyCount "51"]
[EventDate "2009.11.11"]
[EventType "swiss"]
[EventRounds "11"]
[EventCountry "ESP"]
[Source "lmi"]
[SourceDate "2009.11.11"]

1. e4 c5 2. Nf3 Nc6 3. d4 cxd4 4. Nxd4 Nf6 5. Nc3 d6 6. Bg5 e6 7. Qd2 a6 8.
O-O-O Bd7 9. f4 h6 10. Bh4 g5 11. fxg5 Ng4 12. Nf3 Be7 13. Bd3 Nge5 14. Be2
Nxf3 15. Bxf3 hxg5 16. Bg3 Ne5 17. Qd4 f6 18. h4 gxh4 19. Rxh4 Rxh4 20. Bxh4
Qa5 21. Bh5+ Kd8 22. Qf2 Kc7 23. Be2 Rg8 24. Rf1 Qb6 25. Qxb6+ Kxb6 26. Bxf6
1/2-1/2

[Event "Campeonato del mundo sub-18"]
[Site "Kemer TUR"]
[Date "2009.11.21"]
[Round "10.32"]
[White "Larmuseau, Maarten"]
[Black "Jorczik, Julian"]
[Result "1-0"]
[WhiteElo "2160"]
[BlackElo "2368"]
[PlyCount "103"]
[EventDate "2009.11.11"]
[EventType "swiss"]
[EventRounds "11"]
[EventCountry "ESP"]
[Source "lmi"]
[SourceDate "2009.11.11"]

1. e4 e6 2. Nf3 d5 3. Nc3 Nf6 4. e5 Nfd7 5. d4 c5 6. dxc5 Nc6 7. Bf4 Bxc5 8.
Bd3 f6 9. exf6 Nxf6 10. Qe2 O-O 11. O-O-O Bd7 12. Ne5 Bb4 13. Bd2 Nxe5 14. Qxe5
Qb6 15. f4 Bd6 16. Qg5 Rac8 17. Qh4 Qd4 18. Rhe1 b5 19. Be3 Qb4 20. Bd4 g6 21.
f5 e5 22. fxg6 Rxc3 23. g7 Rf7 24. Bxh7+ Nxh7 25. Qd8+ Kxg7 26. Bxc3 Qf4+ 27.
Bd2 Qf6 28. Qa8 Bg4 29. Qxd5 Bxd1 30. Rxd1 b4 31. Be3 Bf8 32. g4 Kg8 33. g5 Qf3
34. Qb3 Qf5 35. g6 Qxg6 36. Rg1 Qxg1+ 37. Bxg1 Bh6+ 38. Be3 Bf4 39. Kd2 Ng5 40.
Qd5 Nh7 41. Ke2 Kg7 42. Bxf4 exf4 43. Qd4+ Kg6 44. Qxb4 Kh5 45. Qb8 Ng5 46. Qe5
Kg4 47. c4 Rh7 48. c5 Rxh2+ 49. Kd3 Rh3+ 50. Kc2 Rh6 51. Qg7 Rh7 52. Qxh7 1-0

[Event "Campeonato del mundo sub-18"]
[Site "Kemer TUR"]
[Date "2009.11.21"]
[Round "10.33"]
[White "Inonu, Munci MuhsÝn"]
[Black "Melnichuk, Mikhail"]
[Result "0-1"]
[WhiteElo "2002"]
[BlackElo "2312"]
[PlyCount "120"]
[EventDate "2009.11.11"]
[EventType "swiss"]
[EventRounds "11"]
[EventCountry "ESP"]
[Source "lmi"]
[SourceDate "2009.11.11"]

1. e4 c5 2. Nc3 Nc6 3. g3 g6 4. Bg2 Bg7 5. d3 d6 6. f4 e6 7. Nf3 Nge7 8. O-O
O-O 9. Be3 Nd4 10. e5 Nef5 11. Bf2 Bd7 12. Ne4 Nxf3+ 13. Qxf3 Bc6 14. c3 b6 15.
g4 Nh4 16. Nf6+ Bxf6 17. Qxc6 Nxg2 18. exf6 Nxf4 19. Bg3 e5 20. Bxf4 exf4 21.
Rxf4 d5 22. Qa4 Qd6 23. Raf1 Rfe8 24. Qc2 Qe5 25. Qg2 Qe3+ 26. Kh1 Qxd3 27. Qf2
Re3 28. g5 Rae8 29. Qh4 h5 30. gxh6 Kh7 31. Qg4 Re1 32. Rxe1 Rxe1+ 33. Kg2 Qe2+
34. Kh3 Qxg4+ 35. Kxg4 Re2 36. Ra4 a5 37. Ra3 Rxb2 38. Kf4 Re2 39. Rb3 Rf2+ 40.
Ke5 Rf5+ 41. Kd6 Rxf6+ 42. Kxd5 Kxh6 43. c4 g5 44. a4 Kh5 45. Rh3+ Kg4 46. Rg3+
Kh4 47. Rb3 g4 48. Ke5 Kg5 49. Kd5 Rh6 50. Rb2 f5 51. Ke5 f4 52. Ke4 Re6+ 53.
Kd5 Kf5 54. Rb3 Rh6 55. Rb2 f3 56. Rf2 Kf4 57. Rb2 Ke3 58. Rb3+ Kf4 59. Rb2 g3
60. hxg3+ Kxg3 0-1

[Event "Campeonato del mundo sub-18"]
[Site "Kemer TUR"]
[Date "2009.11.21"]
[Round "10.34"]
[White "Ollier, Pablo"]
[Black "Eiti, Bashir"]
[Result "1/2-1/2"]
[WhiteElo "2259"]
[BlackElo "1813"]
[PlyCount "98"]
[EventDate "2009.11.11"]
[EventType "swiss"]
[EventRounds "11"]
[EventCountry "ESP"]
[Source "lmi"]
[SourceDate "2009.11.11"]

1. d4 d5 2. c4 c6 3. Nf3 Nf6 4. Nc3 e6 5. Qd3 Bb4 6. Nd2 Nbd7 7. e4 dxe4 8.
Ndxe4 Nxe4 9. Qxe4 c5 10. a3 Nf6 11. Qd3 Bxc3+ 12. bxc3 Qa5 13. Bd2 O-O 14. Be2
Rd8 15. O-O h6 16. Qe3 Bd7 17. Qe5 Bc6 18. Bd3 Rxd4 19. cxd4 Qxd2 20. Rad1 Qc3
21. Qxc5 Ba4 22. Qb4 Qxb4 23. axb4 Bxd1 24. Rxd1 Kf8 25. f3 Rd8 26. Be2 Ke7 27.
b5 b6 28. Kf2 Rc8 29. Ke3 Rc7 30. f4 Ne8 31. Rc1 Nd6 32. c5 Nf5+ 33. Ke4 Rd7
34. Bc4 bxc5 35. dxc5 Rd2 36. Kf3 Rd7 37. c6 Rc7 38. Ra1 Kd6 39. g4 Ne7 40. Ra3
Kc5 41. Ke4 Nc8 42. Rc3 Kb6 43. Rb3 Re7 44. g5 e5 45. fxe5 hxg5 46. Kd5 Kc7 47.
Ra3 Nb6+ 48. Kd4 Kb8 49. Bd3 Re8 1/2-1/2

[Event "Campeonato del mundo sub-18"]
[Site "Kemer TUR"]
[Date "2009.11.21"]
[Round "10.39"]
[White "Santos, Hugo Lima"]
[Black "Plaskan, Jure"]
[Result "0-1"]
[WhiteElo "2041"]
[BlackElo "2197"]
[PlyCount "138"]
[EventDate "2009.11.11"]
[EventType "swiss"]
[EventRounds "11"]
[EventCountry "ESP"]
[Source "lmi"]
[SourceDate "2009.11.11"]

1. d4 Nf6 2. c4 c5 3. d5 b5 4. Qc2 d6 5. e4 bxc4 6. Bxc4 g6 7. h3 Bg7 8. Nf3
O-O 9. O-O Nfd7 10. Na3 Na6 11. Rd1 Nc7 12. Bg5 Rb8 13. Rab1 h6 14. Bh4 Ne5 15.
Nd2 Na6 16. f4 Nb4 17. Qb3 Nxc4 18. Ndxc4 Qc7 19. Qf3 f5 20. e5 dxe5 21. fxe5
g5 22. d6 exd6 23. exd6 Qc6 24. Qxc6 Nxc6 25. Bf2 Nd4 26. Rd2 f4 27. Re1 Bf5
28. Re7 Rf7 29. Rxf7 Kxf7 30. b3 Re8 31. Kf1 f3 32. Bxd4 fxg2+ 33. Kxg2 cxd4
34. Nb5 Bd7 35. Nxd4 Re4 36. Re2 Rxe2+ 37. Nxe2 Ke6 38. Ng3 Be5 39. Ne4 Kd5 40.
Nc5 Bc6 41. Nxe5 Kxe5+ 42. Kg3 Kxd6 43. Nd3 Be4 44. Nf2 Bf5 45. Ng4 h5 46. Nh2
h4+ 47. Kg2 Ke5 48. Nf3+ Kf4 49. Nd4 Bd7 50. b4 Ke3 51. Nb3 Be6 52. Na5 Bd5+
53. Kh2 Kd4 54. a3 Ba8 55. Kg1 a6 56. Kh2 Kc3 57. Kg1 Kb2 58. a4 Ka3 59. b5
Kxa4 60. Nc4 Kxb5 61. Nd6+ Kc5 62. Nf7 a5 63. Nxg5 Bd5 64. Nh7 a4 65. Nf6 a3
66. Nd7+ Kd4 67. Nb8 a2 68. Kh2 a1=Q 69. Nc6+ Kc5 0-1

[Event "Campeonato del mundo sub-18"]
[Site "Kemer TUR"]
[Date "2009.11.21"]
[Round "10.40"]
[White "Akdag, Dara"]
[Black "Margarido, Ricardo Emanuel Tor"]
[Result "0-1"]
[WhiteElo "2189"]
[BlackElo "1966"]
[PlyCount "70"]
[EventDate "2009.11.11"]
[EventType "swiss"]
[EventRounds "11"]
[EventCountry "ESP"]
[Source "lmi"]
[SourceDate "2009.11.11"]

1. d4 Nf6 2. c4 d6 3. Nc3 Nbd7 4. Nf3 e5 5. Bg5 Be7 6. e3 O-O 7. Qc2 c6 8. Bd3
h6 9. h4 exd4 10. exd4 Re8 11. Be3 Ng4 12. O-O-O Ndf6 13. Kb1 d5 14. Ne5 Nxe3
15. fxe3 Ng4 16. Bh7+ Kf8 17. Rhf1 Bf6 18. Nxg4 Bxg4 19. Rde1 Be6 20. cxd5 cxd5
21. g3 Rc8 22. Bf5 Qa5 23. Bxe6 Rxe6 24. Qa4 Qxa4 25. Nxa4 Rce8 26. Nc5 R6e7
27. Rd1 b6 28. Nd3 Rxe3 29. Nf4 Rxg3 30. Nh5 Rg6 31. Nxf6 Rxf6 32. Rxf6 gxf6
33. Rf1 Re4 34. Rxf6 Rxh4 35. Rd6 Rxd4 0-1

[Event "Campeonato del mundo sub-18"]
[Site "Kemer TUR"]
[Date "2009.11.21"]
[Round "10.42"]
[White "Janev, Pavel"]
[Black "Biryukov, Mikhail"]
[Result "0-1"]
[WhiteElo "1990"]
[BlackElo "2165"]
[PlyCount "74"]
[EventDate "2009.11.11"]
[EventType "swiss"]
[EventRounds "11"]
[EventCountry "ESP"]
[Source "lmi"]
[SourceDate "2009.11.11"]

1. e4 c5 2. Nf3 Nc6 3. d4 cxd4 4. Nxd4 Nf6 5. Nc3 e5 6. Ndb5 d6 7. Bg5 a6 8.
Na3 b5 9. Nd5 Be7 10. Bxf6 Bxf6 11. c3 Bg5 12. Nc2 O-O 13. a4 bxa4 14. Rxa4 a5
15. Bc4 Rb8 16. b3 Kh8 17. Nce3 g6 18. Qf3 f5 19. h4 Bxe3 20. Nxe3 f4 21. Nd5
h5 22. Qd3 Rb7 23. f3 Rh7 24. Bb5 Na7 25. O-O Nxb5 26. Qxb5 Bd7 27. Qxa5 Bxa4
28. Qxa4 g5 29. hxg5 Qxg5 30. Rf2 h4 31. Qc6 Qg6 32. Qb6 h3 33. Qa6 Rg8 34. Qa2
Rhg7 35. b4 hxg2 36. b5 Qh6 37. Rxg2 Rxg2+ 0-1

[Event "Campeonato del mundo sub-18"]
[Site "Kemer TUR"]
[Date "2009.11.21"]
[Round "10.43"]
[White "Hesham, Abdelrahman"]
[Black "Hapuarachchi, H L M."]
[Result "0-1"]
[WhiteElo "2155"]
[BlackElo "2019"]
[PlyCount "118"]
[EventDate "2009.11.11"]
[EventType "swiss"]
[EventRounds "11"]
[EventCountry "ESP"]
[Source "lmi"]
[SourceDate "2009.11.11"]

1. d4 Nf6 2. c4 g6 3. Nc3 Bg7 4. e4 d6 5. f3 O-O 6. Be3 e5 7. d5 Ne8 8. Qd2 f5
9. O-O-O f4 10. Bf2 a6 11. Bd3 Nd7 12. Nge2 Nc5 13. Kb1 Nxd3 14. Qxd3 Bd7 15.
Rc1 Nf6 16. g4 Qe7 17. g5 Nh5 18. h4 Rfb8 19. Rc2 Bf8 20. Rhc1 Qe8 21. Nd1 b6
22. Rc3 Be7 23. b3 Bd8 24. Nb2 Be7 25. Qd2 a5 26. Nd3 Bd8 27. R1c2 Be7 28. Rb2
Bd8 29. Kc1 Be7 30. Kd1 Bd8 31. a3 Qf7 32. Qc1 Qe8 33. b4 axb4 34. axb4 Be7 35.
Qb1 Ra4 36. Ra2 Rba8 37. Rxa4 Rxa4 38. c5 Qa8 39. Nec1 Ra1 40. Qb2 bxc5 41.
bxc5 Bh3 42. Nb4 Ra4 43. c6 Ng3 44. Rb3 Nh1 45. Bg1 Bf1 46. Nc2 Qa6 47. Rb8+
Bf8 48. Re8 Bb5 49. Rb8 Bd3 50. Nb4 Rxb4 51. Qxb4 Ng3 52. Rxf8+ Kxf8 53. Qb8+
Kf7 54. Qxc7+ Kg8 55. Qd8+ Kf7 56. Qd7+ Kg8 57. c7 Be2+ 58. Ke1 Qa5+ 59. Kf2
Qc5+ 0-1

[Event "Campeonato del mundo sub-18"]
[Site "Kemer TUR"]
[Date "2009.11.21"]
[Round "10.44"]
[White "Me, Kevin"]
[Black "Norri, Roger"]
[Result "1-0"]
[WhiteElo "2119"]
[BlackElo "1896"]
[PlyCount "67"]
[EventDate "2009.11.11"]
[EventType "swiss"]
[EventRounds "11"]
[EventCountry "ESP"]
[Source "lmi"]
[SourceDate "2009.11.11"]

1. e4 e5 2. Qh5 Nc6 3. Bc4 g6 4. Qf3 Nf6 5. Ne2 b6 6. Nbc3 Na5 7. d3 Nxc4 8.
dxc4 Bg7 9. Bg5 Bb7 10. O-O-O h6 11. Bh4 Qe7 12. Nd5 Bxd5 13. cxd5 h5 14. Kb1
Qd6 15. Nc3 a6 16. h3 Nh7 17. Qd3 Rf8 18. f3 Bf6 19. Bf2 Bg5 20. Na4 f5 21.
exf5 gxf5 22. g4 Qg6 23. Rhe1 Bf4 24. d6 Qxd6 25. Qc4 Qe6 26. Qxc7 fxg4 27.
Nxb6 Rd8 28. Bh4 Nf6 29. Rd6 Qf5 30. hxg4 hxg4 31. fxg4 Qh7 32. Bxf6 Rxf6 33.
Rxf6 Qh4 34. Rxe5+ 1-0

[Event "Campeonato del mundo sub-18"]
[Site "Kemer TUR"]
[Date "2009.11.21"]
[Round "10.45"]
[White "Jefic, Srdan"]
[Black "Rumjantsev, Jevgeni"]
[Result "1-0"]
[WhiteElo "2105"]
[BlackElo "2039"]
[PlyCount "77"]
[EventDate "2009.11.11"]
[EventType "swiss"]
[EventRounds "11"]
[EventCountry "ESP"]
[Source "lmi"]
[SourceDate "2009.11.11"]

1. e4 c5 2. Nc3 d6 3. f4 g6 4. Nf3 Bg7 5. d3 Nc6 6. g3 e6 7. Bg2 Nge7 8. O-O
O-O 9. h3 Nd4 10. Ne2 b6 11. g4 Bb7 12. c3 Nxf3+ 13. Rxf3 d5 14. Qc2 Rc8 15.
Rf2 Qd7 16. e5 Rfd8 17. Ng3 b5 18. Bd2 Nc6 19. Raf1 Rf8 20. b3 a5 21. Qd1 b4
22. c4 Nd4 23. Be3 f5 24. Bxd4 cxd4 25. gxf5 gxf5 26. Nh5 Kh8 27. Kh2 Rg8 28.
Rg1 Rc7 29. Bf3 Qd8 30. Rfg2 dxc4 31. dxc4 Bxf3 32. Qxf3 Qb8 33. Qf2 Qd8 34.
Nf6 Rf8 35. Qh4 Bxf6 36. exf6 h6 37. Rg7 Rxg7 38. fxg7+ Kh7 39. gxf8=Q 1-0

[Event "Campeonato del mundo sub-18"]
[Site "Kemer TUR"]
[Date "2009.11.21"]
[Round "10.46"]
[White "Kristinsson, Bjarni J"]
[Black "Yilmaz, Baler"]
[Result "1-0"]
[WhiteElo "2023"]
[BlackElo "1847"]
[PlyCount "135"]
[EventDate "2009.11.11"]
[EventType "swiss"]
[EventRounds "11"]
[EventCountry "ESP"]
[Source "lmi"]
[SourceDate "2009.11.11"]

1. e4 c6 2. c4 d5 3. exd5 cxd5 4. cxd5 Qxd5 5. Nc3 Qa5 6. Nf3 Nf6 7. d4 e6 8.
Bd3 a6 9. O-O Bd6 10. Re1 O-O 11. Bg5 Nbd7 12. Rc1 h6 13. Bd2 Qd8 14. a3 Nb6
15. Ne4 Nxe4 16. Bxe4 Nd5 17. Ne5 b5 18. Qf3 Bb7 19. Nc6 Bxc6 20. Rxc6 Qd7 21.
Rcc1 Rac8 22. g3 Be7 23. h4 Bf6 24. Bxd5 Qxd5 25. Qxd5 exd5 26. Bb4 Rfe8 27.
Rxc8 Rxc8 28. Bc5 Kh7 29. b4 Kg6 30. Kg2 Rc6 31. Re8 Re6 32. Ra8 Kf5 33. Kf3
Re4 34. Rxa6 Bxd4 35. Bxd4 Rxd4 36. Ra5 Rd3+ 37. Ke2 Ke4 38. Rxb5 Rxa3 39. Rb7
Ra2+ 40. Kf1 f5 41. Re7+ Kd3 42. b5 Ra1+ 43. Re1 Ra7 44. b6 Rb7 45. Re6 Kd4 46.
Rc6 Ke5 47. Ke2 Kd4 48. h5 Rb8 49. Kf3 Ke5 50. Ke3 d4+ 51. Kd3 Kd5 52. Rg6 Rb7
53. f3 Re7 54. g4 f4 55. g5 Kc5 56. gxh6 gxh6 57. Rxh6 Re3+ 58. Kc2 Re7 59. Rg6
Kc4 60. Kd2 d3 61. Rc6+ Kb5 62. Rf6 Rh7 63. h6 Kc4 64. Rxf4+ Kc5 65. Rf6 Kc4
66. f4 Re7 67. Rc6+ Kb5 68. Rc7 1-0

[Event "Campeonato del mundo sub-18"]
[Site "Kemer TUR"]
[Date "2009.11.21"]
[Round "10.48"]
[White "Sartori, C Sergio M"]
[Black "Kin, Kurt"]
[Result "1-0"]
[WhiteElo "2021"]
[BlackElo "1839"]
[PlyCount "111"]
[EventDate "2009.11.11"]
[EventType "swiss"]
[EventRounds "11"]
[EventCountry "ESP"]
[Source "lmi"]
[SourceDate "2009.11.11"]

1. e4 c5 2. Nc3 Nc6 3. g3 d6 4. Bg2 e6 5. d3 Nf6 6. f4 Be7 7. Nf3 a6 8. h3 Rb8
9. O-O b5 10. e5 Nd5 11. Nxd5 exd5 12. Re1 O-O 13. d4 dxe5 14. Nxe5 Nxe5 15.
Rxe5 Bf6 16. Rxd5 Bxd4+ 17. Kh2 Qb6 18. c3 Bf2 19. Rd6 Qa7 20. a4 b4 21. Qe2 c4
22. Qxc4 Bb7 23. Bd2 bxc3 24. Qxc3 Rfc8 25. Qd3 h6 26. Bc3 Re8 27. Be5 Qa8 28.
Bxb7 Qxb7 29. Rd7 Qb3 30. Bxb8 Bxg3+ 31. Kg2 Qxb2+ 32. Kxg3 Qxa1 33. Ba7 Qe1+
34. Bf2 Qa5 35. Qd5 Qc3+ 36. Kg2 Qf6 37. Qd6 Qf5 38. Rd8 Qe4+ 39. Kg1 Qxa4 40.
Rxe8+ Qxe8 41. Qxa6 Qe4 42. Qc8+ Kh7 43. Qg4 Qb1+ 44. Kh2 Qc2 45. Qf3 Qc7 46.
Qe4+ Kg8 47. Bd4 Qc4 48. f5 Qa2+ 49. Qg2 Qxg2+ 50. Kxg2 f6 51. h4 h5 52. Kf3
Kf7 53. Kf4 Ke7 54. Bc5+ Ke8 55. Ke4 Kf7 56. Kd5 1-0

[Event "Campeonato del mundo sub-18"]
[Site "Kemer TUR"]
[Date "2009.11.22"]
[Round "11.3"]
[White "Adhiban, Baskaran"]
[Black "Rozum, Ivan"]
[Result "0-1"]
[WhiteElo "2486"]
[BlackElo "2458"]
[PlyCount "120"]
[EventDate "2009.11.11"]
[EventType "swiss"]
[EventRounds "11"]
[EventCountry "ESP"]
[Source "lmi"]
[SourceDate "2009.11.11"]

1. d4 Nf6 2. Nf3 g6 3. Bg5 Bg7 4. Nbd2 d6 5. e4 h6 6. Bh4 O-O 7. c3 Nbd7 8. Bd3
e5 9. O-O Qe7 10. Re1 b6 11. a4 a6 12. Nc4 Bb7 13. Ne3 Rfe8 14. Nd5 Qd8 15.
dxe5 dxe5 16. Bc4 Nc5 17. b4 Ncxe4 18. Rxe4 g5 19. Nxf6+ Qxf6 20. Bxg5 hxg5 21.
Rg4 Rad8 22. Qe2 Bxf3 23. Qxf3 e4 24. Qxf6 Bxf6 25. h4 Bxc3 26. Rxg5+ Kf8 27.
Rb1 Rd4 28. Bxa6 Rxb4 29. Rxb4 Bxb4 30. Rf5 e3 31. Bc4 Re4 32. Rxf7+ Ke8 33.
Rxc7 Kd8 34. Rc6 Bc5 35. Bb5 exf2+ 36. Kh2 Rxh4+ 37. Kg3 Rxa4 38. Rf6 Rb4 39.
Be2 Rb2 40. Bf1 Ke7 41. Rf5 Ke6 42. Kg4 Rb4+ 43. Rf4 Rb1 44. Bd3 Rd1 45. Ba6
Ra1 46. Bb5 Ke5 47. Rf5+ Ke4 48. Rf3 Be3 49. Rf7 Rb1 50. Be2 b5 51. Re7+ Kd4
52. Rd7+ Kc5 53. Rd3 Bd4 54. Rf3 b4 55. Kf5 Re1 56. Ba6 Be3 57. Ke4 b3 58. Rf5+
Kb4 59. Rf7 b2 60. Bd3 Bb6+ 0-1

[Event "Campeonato del mundo sub-18"]
[Site "Kemer TUR"]
[Date "2009.11.22"]
[Round "11.4"]
[White "Piorun, Kacper"]
[Black "Benidze, Davit"]
[Result "1-0"]
[WhiteElo "2475"]
[BlackElo "2450"]
[PlyCount "65"]
[EventDate "2009.11.11"]
[EventType "swiss"]
[EventRounds "11"]
[EventCountry "ESP"]
[Source "lmi"]
[SourceDate "2009.11.11"]

1. e4 c5 2. Nf3 d6 3. d4 cxd4 4. Nxd4 Nf6 5. Nc3 Nc6 6. Bg5 e6 7. Qd2 Be7 8.
O-O-O Qb6 9. Bxf6 Bxf6 10. Nxc6 bxc6 11. Na4 Qb7 12. Qxd6 Be7 13. Qg3 O-O 14.
Bc4 Qb4 15. b3 Rb8 16. Nb2 Rb6 17. a4 Bg5+ 18. Kb1 Bf6 19. f4 Bc3 20. Be2 Bxb2
21. Kxb2 Qxa4 22. Qe3 Qb4 23. Ra1 c5 24. Rxa7 Bb7 25. Bd3 Bc6 26. Rha1 Rfb8 27.
R1a3 c4 28. Bxc4 h6 29. Bd3 Rc8 30. c3 Qd6 31. Bc2 Bb5 32. e5 Qd8 33. Qe4 1-0

[Event "Campeonato del mundo sub-18"]
[Site "Kemer TUR"]
[Date "2009.11.22"]
[Round "11.9"]
[White "Yilmaz, Mustafa"]
[Black "Darini, Pouria"]
[Result "1-0"]
[WhiteElo "2468"]
[BlackElo "2366"]
[PlyCount "55"]
[EventDate "2009.11.11"]
[EventType "swiss"]
[EventRounds "11"]
[EventCountry "ESP"]
[Source "lmi"]
[SourceDate "2009.11.11"]

1. e4 c5 2. Nf3 d6 3. d4 cxd4 4. Nxd4 Nf6 5. Nc3 a6 6. Bg5 e6 7. f4 Be7 8. Qf3
Qc7 9. O-O-O Nbd7 10. g4 b5 11. Bxf6 gxf6 12. f5 Ne5 13. Qh3 O-O 14. Rg1 Kh8
15. Nce2 Rg8 16. Rg3 Bb7 17. Bg2 Rac8 18. fxe6 fxe6 19. Nf4 Nf7 20. Nfxe6 Ng5
21. Nxc7 Nxh3 22. Nd5 Bxd5 23. exd5 Nf4 24. Rf1 Ng6 25. Nc6 Rge8 26. Be4 Ne5
27. Rh3 Nxc6 28. dxc6 1-0

[Event "Campeonato del mundo sub-18"]
[Site "Kemer TUR"]
[Date "2009.11.22"]
[Round "11.13"]
[White "Krejci, Jan"]
[Black "Lovik, Lasse Ostebo"]
[Result "1/2-1/2"]
[WhiteElo "2458"]
[BlackElo "2379"]
[PlyCount "77"]
[EventDate "2009.11.11"]
[EventType "swiss"]
[EventRounds "11"]
[EventCountry "ESP"]
[Source "lmi"]
[SourceDate "2009.11.11"]

1. e4 e5 2. Nf3 Nf6 3. Nxe5 d6 4. Nf3 Nxe4 5. Nc3 Nxc3 6. dxc3 Nc6 7. Bf4 Be7
8. Qd2 Be6 9. O-O-O a6 10. h4 h6 11. g3 Qd7 12. Bg2 Bf6 13. Be3 Na5 14. b3 O-O
15. Bd4 Be7 16. c4 Nc6 17. Bb2 Rfe8 18. Nd4 Bf6 19. Nxc6 Bxb2+ 20. Kxb2 bxc6
21. c5 Bf5 22. Bf3 Bg4 23. Qf4 Bxf3 24. Qxf3 Re5 25. Qc3 Rae8 26. Rd2 d5 27.
Qa5 Qc8 28. Rhd1 R8e7 29. Rd4 Re2 30. R1d2 Qf5 31. Qxa6 Qxf2 32. Rf4 Qxg3 33.
Rxe2 Rxe2 34. Qxe2 Qxf4 35. a4 Qd4+ 36. Kb1 Qg1+ 37. Kb2 Qd4+ 38. Kb1 Qg1+ 39.
Kb2 1/2-1/2

[Event "Campeonato del mundo sub-18"]
[Site "Kemer TUR"]
[Date "2009.11.22"]
[Round "11.14"]
[White "Demuth, Adrien"]
[Black "Bukavshin, Ivan"]
[Result "1/2-1/2"]
[WhiteElo "2387"]
[BlackElo "2426"]
[PlyCount "76"]
[EventDate "2009.11.11"]
[EventType "swiss"]
[EventRounds "11"]
[EventCountry "ESP"]
[Source "lmi"]
[SourceDate "2009.11.11"]

1. d4 d5 2. c4 c6 3. Nf3 Nf6 4. Nc3 dxc4 5. a4 Bf5 6. e3 e6 7. Bxc4 Nbd7 8. O-O
Bb4 9. Qe2 Bg6 10. e4 O-O 11. e5 Nd5 12. Nxd5 cxd5 13. Bd3 Bh5 14. Qe3 Re8 15.
Ng5 Nf8 16. f4 h6 17. Nh3 f5 18. exf6 Qxf6 19. Nf2 Bd6 20. Bd2 Ng6 21. g3 Ne7
22. g4 Bg6 23. Rae1 Nc6 24. g5 Qf7 25. gxh6 Bxd3 26. Nxd3 Qg6+ 27. Kh1 Qxh6 28.
Rg1 Re7 29. Rg4 Rf8 30. Reg1 Rf6 31. Ne5 Qh7 32. Ng6 Ref7 33. Rh4 Qxg6 34. Rxg6
Rxg6 35. Qd3 Rf5 36. Qb5 Rf7 37. Qd3 Rf5 38. Qb5 Rf7 1/2-1/2

[Event "Campeonato del mundo sub-18"]
[Site "Kemer TUR"]
[Date "2009.11.22"]
[Round "11.16"]
[White "Pourramezanali, Amirreza"]
[Black "Shukh, Nikolay"]
[Result "0-1"]
[WhiteElo "2321"]
[BlackElo "2438"]
[PlyCount "94"]
[EventDate "2009.11.11"]
[EventType "swiss"]
[EventRounds "11"]
[EventCountry "ESP"]
[Source "lmi"]
[SourceDate "2009.11.11"]

1. d4 Nf6 2. Nc3 d5 3. Nf3 Bf5 4. Bf4 e6 5. e3 Be7 6. Ne5 Nbd7 7. g4 Bg6 8. h4
Nxe5 9. dxe5 Ne4 10. h5 Bh4 11. hxg6 Nxf2 12. gxf7+ Kf8 13. Qf3 Nxh1+ 14. Ke2
Nf2 15. g5 d4 16. Nb5 d3+ 17. Kd2 Qe7 18. c3 Rd8 19. Bg2 h5 20. g6 a6 21. Na3
b5 22. Qb7 Bg5 23. Rf1 Ng4 24. Qxa6 Nxe3 25. Bxe3 Bxe3+ 26. Kxe3 Rh6 27. Nxb5
Qg5+ 28. Kf2 Rxg6 29. Qc6 Kxf7 30. Kg1+ Kg8 31. Nd4 Rd5 32. Rf2 d2 33. Qe8+ Kh7
34. Qa4 Rxe5 35. Ne2 Re4 36. Qc2 Rg4 37. Nf4 Rxf4 38. Qxd2 e5 39. b4 h4 40. Qe3
Qg4 41. Kh1 Rxf2 42. Qxf2 h3 43. Bf3 Qf4 44. Qe2 Rg3 45. Be4+ Kh6 46. a4 Qc1+
47. Kh2 Qg1# 0-1

[Event "Campeonato del mundo sub-18"]
[Site "Kemer TUR"]
[Date "2009.11.22"]
[Round "11.17"]
[White "Shyam, Nikhil Ponnusamy"]
[Black "Vastrukhin, Oleg"]
[Result "1-0"]
[WhiteElo "2393"]
[BlackElo "2312"]
[PlyCount "101"]
[EventDate "2009.11.11"]
[EventType "swiss"]
[EventRounds "11"]
[EventCountry "ESP"]
[Source "lmi"]
[SourceDate "2009.11.11"]

1. e4 e6 2. d4 d5 3. Nc3 Bb4 4. e5 c5 5. a3 Bxc3+ 6. bxc3 Nc6 7. Qg4 g6 8. h4
Qa5 9. Bd2 Qa4 10. Nf3 f5 11. Qf4 h6 12. Ra2 c4 13. Be2 Bd7 14. Qg3 Nge7 15.
Bf4 O-O-O 16. Nd2 Rdg8 17. Qe3 Nd8 18. Bxh6 Nf7 19. Bg5 Nxg5 20. Qxg5 Nc6 21.
Rh3 b5 22. Bd1 a5 23. Nb1 Kc7 24. Qc1 Nd8 25. Nd2 Nf7 26. Nb3 b4 27. Nc5 Qb5
28. cxb4 g5 29. c3 Bc8 30. a4 Qb6 31. bxa5 Qxa5 32. Rb2 gxh4 33. Rb5 Qa7 34.
Kf1 Ng5 35. Qa3 Rg7 36. a5 Kd8 37. Rb6 Ke8 38. Qb4 Kf7 39. Rh1 Kg6 40. Rb8 Qf7
41. Qb6 h3 42. gxh3 Rgg8 43. Qc6 Bd7 44. Nxd7 Rxb8 45. Nxb8 f4 46. h4 Nh3 47.
Bc2+ Kh5 48. Rxh3 f3 49. Bd1 Qf5 50. Rxf3 Qb1 51. Rf5+ 1-0

[Event "Campeonato del mundo sub-18"]
[Site "Kemer TUR"]
[Date "2009.11.22"]
[Round "11.18"]
[White "Kleijn, Christov"]
[Black "Karayev, Assylkhan"]
[Result "0-1"]
[WhiteElo "2383"]
[BlackElo "2275"]
[PlyCount "48"]
[EventDate "2009.11.11"]
[EventType "swiss"]
[EventRounds "11"]
[EventCountry "ESP"]
[Source "lmi"]
[SourceDate "2009.11.11"]

1. e4 e5 2. Nf3 Nc6 3. Bb5 g6 4. d4 exd4 5. Bg5 Be7 6. Bxe7 Qxe7 7. O-O Qc5 8.
Ba4 Nge7 9. c3 dxc3 10. Nxc3 O-O 11. Rc1 Qh5 12. Nd5 Nxd5 13. exd5 Ne5 14. Nxe5
Qxe5 15. Qd2 b6 16. f4 Qd6 17. f5 Ba6 18. Rf3 Rfe8 19. Rh3 Qf6 20. fxg6 hxg6
21. Rf3 Qh4 22. Bxd7 Re2 23. Qc3 Rd8 24. Rh3 Qf2+ 0-1